Регионална библиотека "Любен Каравелов" - Русе

Създатели и творци на българското езикознание (Запис номер 57447)

MARC детайли
000 -Лидер
Контролно поле с фиксирана дължина 01370nam a2200349 c 4500
003 - Код на организацията, давaща контролен номер
Контролно поле BLK
005 - Дата и час на последна редакция
Контролно поле 20200201162902.0
008 - Елементи от данни с фиксирана дължина
fixed length control field 180408b bul|||||r ||||||| ||bul||
010 ## - Наследен системен номер
LC control number KNG00061450000
040 ## - Източник на каталожния запис
Идентификатор на билиотеката - собственик на записа BLK
041 ## - Код за език
Код за езика на текст/звукозапис или на отделно заглавие Български
Код за езика КДБФ Български
080 ## - УДК
Текстов определител УДК Общо езикознание и филология
УДК код - определител по УДК 81
УДК определител (497.2)(092)
УДК - код + определител 81(497.2)(092)
080 ## - УДК
Текстов определител УДК Биографии
УДК код - определител по УДК 929
УДК определител (497.2)
УДК - код + определител 929(497.2)
100 1# - Редна дума - Автор
Автор Първев, Христо Иванов
Авторска отговорност първи автор
R(LIN) 369318
139 ## - Редно поле
Редна дума Първев, Христо Иванов
Авторски знак Пър - П 97
245 10 - Сведения за заглавието
Заглавие Създатели и творци на българското езикознание
Подзаглавни данни Биогр. очерци
Редно поле (дума) Христо Иванов Първев.
257 ## - Страна на издаване
Страна на създаване/издаване България
260 ## - Област на издателските данни
-- София
Име на издателя, разпространителя и проч. Нар. просв.
Година на издаване 1987
Печатница Хасково : Ат. Стратиев
300 ## - Физическа характеристика
Страници 376 с.
Размери/Мащаб 21 см
380 ## - Жанр
Жанр Езикознание. Филология
500 ## - Общи забележки
Забележка Библиогр. с. 316 ; Именен, темат. показалец
504 ## - Забележка за наличие на библиография и др
Забележка за наличие на библиография и под. 316
650 #4 - Допълнително описание по предмет – тема
Основно описание – тема или топоним Езиковеди, български - популярна литература
9 (RLIN) 287626
653 ## - Ключова дума – ненормативна
Ключова дума българско езикознание
653 ## - Ключова дума – ненормативна
Ключова дума история
653 ## - Ключова дума – ненормативна
Ключова дума биографии
852 ## - Местоположение
Форматна сигнатура Цб 151315
856 4# - Електронен адрес и достъп
Електронен формат pdf - файл
Път до файла /url/
856 4# - Електронен адрес и достъп
Електронен формат pdf - файл
Път до файла /url/
942 ## - АРТИКУЛИ
Вид на библиотечния материал Книги
Скрит в OPAC Не
Koha issues (borrowed), all copies 1
944 ## - СЪЗДАВАНЕ И РЕДАКЦИЯ на ЗАПИСА
Създаване/Редакция Създаване
Дата на регистрацията/редакция 13.06.2004
Служител, извършил регистрацията/редакцията Диана_Димитрова
944 ## - СЪЗДАВАНЕ И РЕДАКЦИЯ на ЗАПИСА
Създаване/Редакция Редакция
Дата на регистрацията/редакция 21.02.2011
Служител, извършил регистрацията/редакцията
999 ## - СИСТЕМНИ КОНТРОЛНИ НОМЕРА
Koha biblionumber 57447
Koha biblioitemnumber 57447
Наличности
Код за отписване Код за изгубен артикул Източник на класификационната схема Код за повреда Коз за рестрикции Код за отдаване Артикулен № Име на библиотеката - собственик Име на библиотеката, в която се намира в момента Статус (Текущо местоположение) Дата на вписване в системата Местоположение - отдел Цена в лева Инвентарен номер Систематично азбучна сигнатура Баркод Номер на екземпляра Цена в евро Служебна бележка Служебен тип на артикула
  Не е изгубен Universal Decimal Classification Не е повреден без рестрикции ползва се в читалня 93133 Регионална библиотека "Любен Каравелов" Русе Регионална библиотека "Любен Каравелов" Русе Хранилище 1987-01-01 Хранилище 4.04 488908 Цб 151315 120000488908 1 2.07 Дост: Dp Вид: Д N: стар фонд Дата: 01.01.1987 Книги
  Не е изгубен Universal Decimal Classification Не е повреден само за читалня ползва се в читалня 93134 Регионална библиотека "Любен Каравелов" Русе Регионална библиотека "Любен Каравелов" Русе СБИД 1987-01-01 СБИД 4.04 490667 С 811/П 97 Х 120000490667 2 2.07 Дост: Pk Вид: Ф N: стар фонд Дата: 01.01.1987 Дата инв: 05.06.2017 Бележки инв: С2017 Книги
  Не е изгубен Universal Decimal Classification Не е повреден без рестрикции заемане за дома 93135 Регионална библиотека "Любен Каравелов" Русе Регионална библиотека "Любен Каравелов" Русе Заемна - подръчен фонд 1987-01-01 Заемна - подръчен фонд 4.04 492103 811.163.2/П 97 Х 120000492103 3 2.07 Дост: Pk Вид: Ф N: стар фонд Дата: 01.01.1987 Дата инв: 08.02.2018 Бележки инв: П2018 Книги
  Не е изгубен Universal Decimal Classification Не е повреден без рестрикции заемане за дома 93136 Регионална библиотека "Любен Каравелов" Русе Регионална библиотека "Любен Каравелов" Русе Заемна - подръчен фонд 1987-01-01 Заемна - подръчен фонд 4.04 492104 811.163.2/П 97 Х 120000492104 4 2.07 Дост: Pk Вид: Ф N: стар фонд Дата: 01.01.1987 Дата инв: 08.02.2018 Бележки инв: П2018 Книги
  Не е изгубен Universal Decimal Classification Не е повреден без рестрикции заемане за дома 93137 Регионална библиотека "Любен Каравелов" Русе Регионална библиотека "Любен Каравелов" Русе Заемна - подръчен фонд 1987-01-01 Заемна - подръчен фонд 4.04 492102 П 81/П 97 120000492102 5 2.07 Дост: Pk Вид: Ф N: стар фонд Дата: 01.01.1987 Дата инв: 16.02.2018 Бележки инв: СП2018 Книги
Vip Innovations Ltd, Rousse, Bulgaria 2025